Place names that are also English words - Statistics

General Stats
  • This quiz has been taken 113 times
  • The average score is 12 of 17
Answer Stats
Hint for the place name Answer Hint for the word % Correct
Irish city on river Lee Cork Material used for (usually wine) bottle stoppers
95%
City close to London Reading What you do with books (Verb in the gerund form)
94%
City in Germany famous for its Cathedral Cologne Sometimes used as a synonym for 'perfume'
92%
A city in the French riviera not far from Monaco Nice Good! Great! Excellent!
90%
Second-largest city in Croatia Split To separate
90%
French city on the Loire river whose historical city is a UNESCO World Heritage site Tours Can refer to travelling for pleasure, a series of concerts or a famous cycling competition in France (In plural)
84%
One of the islands on the Bahamas Cat Island One of the most popular pets
81%
One of the Earls of this English city invented this food Sandwich A type of food similar to Hamburgers
81%
A country that sits in the Mid-Atlantic ridge Iceland Something cold + synonym of 'territory'
80%
The name of various cities. One of them is in Australia Newcastle Opposite of 'old' + fortification which the Middle Ages are famous for
78%
Kurdish-majority city in eastern Turkey Van A type of road vehicle. It is larger than a car
74%
One of Ireland's counties Carlow Most common type of vehicle + opposite of 'high'
72%
Town in the North of Norway which is the northernmost town in the world with more than 10 000 inhabitants Hammerfest A widely known tool that also appeard on the flag of the USSR + Short for 'festival'
65%
City where the Diet that declared Martin Luther a heretic was held in 1521 Worms Animals with a tube-like body (In plural)
65%
Indian city, capital of Uttar Pradesh Lucknow If you experience improbable events, you have this + 'At the moment'
48%
Third largest city in Alberta, Canada Red deer Three letter colour + Animal common in Paleolithic cave paintings
36%
A coastal Tanzanian city Tanga Word that comes from Brazil, referring to a style of underwear
17%
No matching quizzes found
Score Distribution
Percent of People with Each Score
Percentile by Number Answered
Your Score History
You have not taken this quiz